Музыка моего сердца: исторические рассказы

Detalles Bibliográficos
Autor principal: Рубинштейн Л. С. Лев Семенович
Lenguaje:ruso
Publicado: Москва, Детская литература, 1970
Materias:
Formato: Libro
KOHA link:https://koha.lib.tpu.ru/cgi-bin/koha/opac-detail.pl?biblionumber=134346

MARC

LEADER 00000nam0a2200000 4500
001 134346
005 20231101220502.0
035 |a (RuTPU)RU\TPU\book\145613 
090 |a 134346 
100 |a 20080328d1970 d y0rusy50 ca 
101 0 |a rus 
102 |a RU 
105 |a a z 000ay 
200 1 |a Музыка моего сердца  |e исторические рассказы  |f Л. С. Рубинштейн 
210 |a Москва  |c Детская литература  |d 1970 
215 |a 192 с.  |c ил. 
610 1 |a советская литература 
610 1 |a музыканты 
610 1 |a детская литература 
675 |a Р2  |v 3 
700 1 |a Рубинштейн  |b Л. С.  |c российский поэт  |f 1947-  |g Лев Семенович  |2 stltpush  |3 (RuTPU)RU\TPU\pers\4786  |9 1035 
801 1 |a RU  |b 63413507  |c 20080328  |g PSBO 
942 |c BK